[Event "MGL-ch"]
[Site "Ulaanbaatar"]
[Date "2002.04.10"]
[Round "12"]
[White "Batzorig, Orgoi"]
[Black "Myagmarsuren, Lhamsuren"]
[Result "1-0"]
[WhiteElo "2217"]
[BlackElo "2216"]
[PlyCount "107"]
[EventDate "2002.04.01"]
[EventType "tourn"]
[EventRounds "15"]
[EventCountry "MGL"]
[SourceTitle "EXT 2003"]
[Source "ChessBase"]
[SourceDate "2002.11.25"]
[SourceVersion "1"]
[SourceVersionDate "2002.11.25"]
[SourceQuality "1"]

1. e4 c5 2. Nf3 a6 3. a4 Nc6 4. d4 cxd4 5. Nxd4 Nf6 6. Nc3 d6 7. Be2 e5 8. Nb3 Be6 9. 0-0 Be7 10. Be3 d5 11. exd5 Nxd5 12. Nxd5 Qxd5 13. Qxd5 Bxd5 14. c4 Be6 15. Nc5 Bxc5 16. Bxc5 0-0-0 17. Rfd1 Rxd1+ 18. Rxd1 Rd8 19. Rxd8+ Kxd8 20. b4 Kd7 21. Kf1 g6 22. Ke1 b6 23. Bxb6 Nxb4 24. Kd2 Nc6 25. c5 Bb3 26. a5 Nb8 27. Ba7 Nc6 28. Bb6 Nb8 29. c6+ Kxc6 30. Ba7 Kb7 31. Bxb8 Kxb8 32. Bxa6 Bd5 33. g3 Kc7 34. Kc3 f6 35. Kb4 Kc6 36. Bb5+ Kd6 37. Bc4 Bc6 38. a6 h6 39. Bf7 g5 40. Bg6 Bf3 41. Kb5 Kc7 42. Kc5 Be2 43. a7 Kb7 44. Kd6 Kxa7 45. Ke6 Kb6 46. Kxf6 Kc7 47. Kxe5 Kd7 48. Kf6 Kd6 49. f4 gxf4 50. gxf4 Bg4 51. f5 Bh3 52. Kg7 Ke5 53. f6 Be6 54. h4 1-0

[Event "Olympiad-33"]
[Site "Elista"]
[Date "1998.10.10"]
[Round "11.4"]
[White "Batzorig, Orgoi"]
[Black "De Villiers, Charles"]
[Result "1-0"]
[WhiteElo "2210"]
[BlackElo "2350"]
[PlyCount "79"]
[EventDate "1998.09.29"]
[EventType "team-swiss"]
[EventRounds "13"]
[EventCountry "RUS"]
[SourceTitle "CBM 068"]
[Source "ChessBase"]
[SourceDate "1999.02.01"]
[SourceVersion "1"]
[SourceVersionDate "1999.02.01"]
[SourceQuality "1"]
[WhiteTeam "Mongolia"]
[BlackTeam "South Africa"]
[WhiteTeamCountry "MGL"]
[BlackTeamCountry "RSA"]

1. d4 Nf6 2. Nf3 g6 3. Nc3 Bg7 4. e4 d6 5. Bc4 c6 6. 0-0 d5 7. Bd3 dxe4 8. Nxe4 Nxe4 9. Bxe4 0-0 10. h3 Be6 11. c3 Qd6 12. Ng5 Bf5 13. Bxf5 gxf5 14. Re1 Nd7 15. Qc2 e6 16. Qe2 Nf6 17. Nf3 Rad8 18. Be3 Nd5 19. Rad1 Nxe3 20. Qxe3 Qe7 21. Kh1 Qf6 22. Rg1 Qh6 23. Qxh6 Bxh6 24. g4 fxg4 25. Rxg4+ Kh8 26. Rdg1 Rg8 27. Ne5 Rxg4 28. Nxf7+ Kg7 29. Nxd8 Rxg1+ 30. Kxg1 Bc1 31. b3 Kf6 32. Nxb7 Bb2 33. Nd8 Bxc3 34. Nxc6 a6 35. Kg2 Kg5 36. Kg3 Kf5 37. Kf3 Kg5 38. b4 Kh4 39. Kg2 Kg5 40. a4 1-0